Top 50 Politics and War Alliances - Statistics

General Stats
  • This quiz has been taken 62 times
  • The average score is 25 of 50
Answer Stats
Hint Answer Score % Correct
#2 Rose 1.2m
100%
#1 Eclipse 1.6m
98%
#4 Event Horizon 970k
91%
#3 The Knights Radiant 1m
88%
#5 The Syndicate 935k
88%
#6 Citadel 843k
86%
#17 Camelot 324k
79%
#9 Singularity 703k
74%
#35 The Golden Horde 184k
72%
#10 Spectre 554k
70%
#40 Arrgh 157k
65%
#8 The Fighting Pacifists 704k
65%
#7 The Immortals 716k
65%
#11 Grumpy Old Bastards 489k
63%
#12 Guardian 455k
63%
#31 The Enterprise 209k
63%
#22 Black Knights 247k
60%
#37 Samurai 177k
60%
#13 Weebunism 406k
58%
#15 GATO 395k
56%
#14 The Sword Coast 397k
56%
#21 The Republic of Libertas 259k
53%
#33 Antarctica Alliance 201k
49%
#23 United Purple Nations 246k
49%
#19 Empire of the Romans 280k
47%
#26 Vought International 218k
44%
#27 Darkstar 218k
42%
#47 Oblivion 100k
42%
#16 The Legion 333k
42%
#20 Leviathan 267k
40%
#25 House Stark 225k
37%
#45 Mayhem 139k
37%
#39 Yarr 169k
37%
#48 Cult of Raccoon 99k
35%
#24 Paddy's Pub 245k
35%
#42 Cybertr0n 143k
33%
#28 World Task Force 215k
33%
#44 Arkham Asylum 142k
30%
#18 Name Withheld 296k
30%
#29 The Lost Mines 214k
30%
#41 Cali Cartel 144k
28%
#30 Federated States of Orbis 210k
28%
#32 Man I Love Frogs 206k
28%
#34 United Ummah 200k
26%
#50 Pokimans 90k
23%
#36 SFR Yugoslavia 179k
23%
#43 United Socialist Nations 142k
23%
#46 Infinity 137k
19%
#38 Myrmidons 172k
19%
#49 The Fremen 98k
19%
No matching quizzes found
Score Distribution
Percent of People with Each Score
Percentile by Number Answered
Your Score History
You have not taken this quiz